| 000 | 00888nas a2200289 4500 | ||
|---|---|---|---|
| 001 | BR0602695 | ||
| 003 | BR-BrBNA | ||
| 005 | 20231205110044.0 | ||
| 007 | ta | ||
| 008 | 230509b bl.|||p| |||| 00| 00por d | ||
| 040 |
_aBR-BrBNA _bpor _cBiblioteca Nacional de Agricultura |
||
| 041 | _a(Pt) | ||
| 072 | _aF06; P33 | ||
| 100 | 1 | _aSantos, S.S. dos | |
| 100 | 1 | _aSoares, A.A. | |
| 100 | 1 | _aMatos, A.T. de | |
| 100 | 1 | _aMantovani, E.C. | |
| 100 | 1 | _aBatista, R.O. | |
| 245 | 1 | _aEfeitos da aplicação localizada de esgoto sanitário tratado nas características químicas do solo | |
| 650 | _aIRRIGAÇÃO | ||
| 650 | _aÁGUAS RESIDUAIS | ||
| 650 | _aREDE DE ESGOTO | ||
| 650 | _aNITROGÊNIO | ||
| 773 | 0 |
_tEngenharia na Agricultura (Brazil) _xISSN 1414-3984 _g(Jan-Mar 2006), v. 14(1) p. 32-38 _wBR0602695 |
|
| 909 |
_a202311 _bLúcia _c55 _dLúcia Elande |
||
| 942 |
_2AGRIS _n0 _cANA |
||
| 999 |
_c186004 _d186004 |
||